<?xml version="1.0" encoding="UTF-8"?><?xml-stylesheet type="text/xsl" href="static/style.xsl"?><OAI-PMH xmlns="http://www.openarchives.org/OAI/2.0/" xmlns:xsi="http://www.w3.org/2001/XMLSchema-instance" xsi:schemaLocation="http://www.openarchives.org/OAI/2.0/ http://www.openarchives.org/OAI/2.0/OAI-PMH.xsd"><responseDate>2026-04-14T02:15:42Z</responseDate><request verb="GetRecord" identifier="oai:www.recercat.cat:2099.1/24099" metadataPrefix="marc">https://recercat.cat/oai/request</request><GetRecord><record><header><identifier>oai:recercat.cat:2099.1/24099</identifier><datestamp>2025-07-23T01:34:05Z</datestamp><setSpec>com_2072_1033</setSpec><setSpec>col_2072_452951</setSpec></header><metadata><record xmlns="http://www.loc.gov/MARC21/slim" xmlns:dcterms="http://purl.org/dc/terms/" xmlns:xsi="http://www.w3.org/2001/XMLSchema-instance" xmlns:doc="http://www.lyncode.com/xoai" xsi:schemaLocation="http://www.loc.gov/MARC21/slim http://www.loc.gov/standards/marcxml/schema/MARC21slim.xsd">
   <leader>00925njm 22002777a 4500</leader>
   <datafield ind2=" " ind1=" " tag="042">
      <subfield code="a">dc</subfield>
   </datafield>
   <datafield ind2=" " ind1=" " tag="720">
      <subfield code="a">Danila, Alberto Mihai</subfield>
      <subfield code="e">author</subfield>
   </datafield>
   <datafield ind2=" " ind1=" " tag="260">
      <subfield code="c">2014-06-11</subfield>
   </datafield>
   <datafield ind2=" " ind1=" " tag="520">
      <subfield code="a">Al present projecte s’explicará de manera detallada les característiques d’una instal·lació fotovoltaica, al mateix temps que la seva composició, els càlculs a realizar per al seu dimensionat o la normativa y tràmits a seguir per a la seva posada en marxa.&#xd;
S’ha dut a terme el diseny d’una instal·lació fotovoltaica híbrida de 49,6 kW de potencia pic en un col·legi del municipi de Sant Adrià del Besós, Barcelona. Aquesta instal·lació estarà composta per 160 móduls fotovoltaics de 310 Wp connectats a un inversor híbrid. El sistema de consum estarà basat en el autoconsum instantani, sense presencia de bateries, encara que no es descarta la seva instal·lació en un futur. L’energía excedent no será injectada a la xarxa, existint la possibilitat de fer-ho en funció de la evolució de la normativa fotovoltaica.&#xd;
Finalment es calcularà l’amortització y la rentabilitat de la instal·lació per a comprobar la viabilitat de la seva posada en marxa, tenint en comte la inversió inicial estimada al pressupost.</subfield>
   </datafield>
   <datafield tag="653" ind2=" " ind1=" ">
      <subfield code="a">Àrees temàtiques de la UPC::Energies</subfield>
   </datafield>
   <datafield tag="653" ind2=" " ind1=" ">
      <subfield code="a">Photovoltaic energy systems</subfield>
   </datafield>
   <datafield tag="653" ind2=" " ind1=" ">
      <subfield code="a">Energia solar -- Instal·lació</subfield>
   </datafield>
   <datafield ind2="0" ind1="0" tag="245">
      <subfield code="a">Diseño de una instalación solar fotovoltaica para un edificio de uso público</subfield>
   </datafield>
</record></metadata></record></GetRecord></OAI-PMH>